| 000 | 01001nam a2200325Ia 4500 | ||
|---|---|---|---|
| 001 | Z_2484 | ||
| 003 | CHAP | ||
| 008 | 220113s9999 xx 000 0 und d | ||
| 010 | _a165541 | ||
| 020 | _a968-858-043-0 | ||
| 040 | _cCHAP | ||
| 082 | _a547 M67 1986 | ||
| 100 |
_aMorrison, Robert Thornton _978920 |
||
| 245 |
_aQuímica orgánica / _cRobert Thornton Morrison y Robert Neilson Boyd ; vers. en español de Peter Fiedler ; colaboración de Cristina Rock |
||
| 250 | _a2a ed. | ||
| 260 |
_aMéxico, D.F. : _bSistemas Tecnicos de Edición, _c |
||
| 300 | _aXXIX, 1375 p. | ||
| 500 | _aTraducción de la obra en inglés: Organic chemistry, 4a ed. de 1983 | ||
| 503 | _aej.1: 134611 \ ej.2: 134610 | ||
| 650 |
_aQuímica orgánica _993598 |
||
| 700 | _a Fiedler, Peter, tr. | ||
| 700 |
_a Rock, Cristina, tr. _9139453 |
||
| 700 | _aBoyd, Robert Neilson, coaut. | ||
| 901 | _a547 M67 1986 | ||
| 902 | _aM | ||
| 910 | _a | ||
| 942 | _c1 | ||
| 942 | _cc1 | ||
| 999 |
_c165541 _d165541 |
||